| 000 | 00387nam a2200157Ia 4500 | ||
|---|---|---|---|
| 005 | 20250428163730.0 | ||
| 008 | 231217s9999 xx 000 0 und d | ||
| 020 | _a9781565922723 | ||
| 082 | _a001.6424WIN LEB;1 R | ||
| 100 | _aLeber, Jody. | ||
| 245 | 0 | _aWindows NT backup and restore | |
| 260 |
_c1998 _bO'Reilly _aCambridge |
||
| 300 | _axiv+304 | ||
| 650 | _aabc | ||
| 942 | _cAA | ||
| 999 |
_c182269 _d182269 |
||